[Event "Czech Chess Christmas 2005"]
[Site "Litomysl (CZE)"]
[Date "2005.12.27"]
[Round "2.31"]
[White "Luch, Michal"]
[Black "Blasko, Stepan"]
[Result "1-0"]
[WhiteElo "2378"]
[BlackElo "1931"]
[PlyCount "49"]
[EventDate "2005.12.26"]

1. d4 Nf6 2. Nf3 g6 3. c4 Bg7 4. Nc3 d6 5. g3 O-O 6. Bg2 c6 7. O-O Na6 8. e4
Nd7 9. Be3 e5 10. h3 Nc7 11. Qd2 exd4 12. Nxd4 Ne5 13. Qe2 Ne6 14. Nc2 f5 15.
f4 Nd7 16. exf5 Rxf5 17. Qd2 Nb6 18. b3 d5 19. Rad1 d4 20. Nxd4 Nxd4 21. Bxd4
Bxd4+ 22. Qxd4 Qxd4+ 23. Rxd4 Be6 24. Ne4 Rff8 25. Nc5 1-0

[Event "Czech Chess Christmas 2005"]
[Site "Litomysl (CZE)"]
[Date "2005.12.27"]
[Round "2.32"]
[White "Ganaus, Hannes"]
[Black "Pekar, Vaclav"]
[Result "1-0"]
[WhiteElo "2320"]
[BlackElo "1884"]
[PlyCount "49"]
[EventDate "2005.12.26"]

1. Nf3 f5 2. c4 Nf6 3. g3 g6 4. b4 Bg7 5. Bb2 O-O 6. Bg2 d6 7. d4 c6 8. O-O
Nbd7 9. Nbd2 Qe8 10. Qb3 h6 11. Rac1 g5 12. e4 f4 13. e5 dxe5 14. dxe5 Nh7 15.
g4 h5 16. c5+ Kh8 17. h3 hxg4 18. hxg4 Qg6 19. e6 Ndf6 20. Ne5 Qh6 21. Bf3 Kg8
22. Kg2 Nd5 23. Nf7 Rxf7 24. exf7+ Kxf7 25. Rh1 1-0

[Event "Czech Chess Christmas 2005"]
[Site "Litomysl (CZE)"]
[Date "2005.12.27"]
[Round "2.33"]
[White "Toma, Katarzyna"]
[Black "Walas, Aleksandra"]
[Result "1-0"]
[WhiteElo "2238"]
[BlackElo "1795"]
[PlyCount "39"]
[EventDate "2005.12.26"]

1. e4 Nc6 2. Nc3 e6 3. d4 d5 4. Nf3 a6 5. Bd3 Nb4 6. Be2 dxe4 7. Nxe4 Nd5 8.
O-O Ngf6 9. Nxf6+ Nxf6 10. Ne5 Be7 11. c3 O-O 12. Bd3 c5 13. dxc5 Bxc5 14. Bg5
Be7 15. Qe2 Nd5 16. Bd2 Bd6 17. c4 Bxe5 18. Qxe5 Qf6 19. Qe4 g6 20. cxd5 1-0

[Event "Czech Chess Christmas 2005"]
[Site "Litomysl (CZE)"]
[Date "2005.12.27"]
[Round "2.36"]
[White "Heller, Roland"]
[Black "Kulovana, Eva"]
[Result "1/2-1/2"]
[WhiteElo "1868"]
[BlackElo "2131"]
[PlyCount "43"]
[EventDate "2005.12.26"]

1. d4 Nf6 2. c4 c5 3. d5 e6 4. Nc3 exd5 5. cxd5 d6 6. h3 g6 7. e4 Bg7 8. Nf3
O-O 9. Bd3 b5 10. Bxb5 Nxe4 11. Nxe4 Qa5+ 12. Nfd2 Qxb5 13. Nxd6 Qa6 14. N2c4
Nd7 15. O-O Nb6 16. Nxb6 Qxb6 17. Nxc8 Raxc8 18. Rb1 Rfd8 19. Re1 Qd6 20. Qf3
Qf6 21. Qa3 Qf5 22. Be3 1/2-1/2

[Event "Czech Chess Christmas 2005"]
[Site "Litomysl (CZE)"]
[Date "2005.12.28"]
[Round "3.1"]
[White "Gajewski, Grzegorz"]
[Black "Kanovsky, David"]
[Result "1-0"]
[WhiteElo "2461"]
[BlackElo "2335"]
[PlyCount "79"]
[EventDate "2005.12.26"]

1. d4 Nf6 2. c4 e6 3. Nc3 Bb4 4. Qc2 c5 5. dxc5 Na6 6. Nf3 Nxc5 7. Bd2 Bxc3 8.
Bxc3 Nce4 9. e3 Nxc3 10. Qxc3 O-O 11. Be2 Qc7 12. O-O b6 13. Nd4 a6 14. Rfc1 d6
15. b4 e5 16. Nb3 a5 17. bxa5 bxa5 18. Bf3 Bb7 19. Bxb7 Qxb7 20. Nxa5 Qc7 21.
Nb3 Ne4 22. Qc2 Nc5 23. Rab1 Rfc8 24. Qd2 h6 25. h3 Ra4 26. Qc2 Qa7 27. Qd1
Rxa2 28. Qxd6 Ne4 29. Qxe5 Nxf2 30. Nd4 Nd3 31. Qf5 Qa8 32. Rc2 Rxc2 33. Nxc2
Nc5 34. Nd4 Ne4 35. Qf4 Nf6 36. c5 Nd5 37. Qg3 Qa3 38. Nf5 Qc3 39. Rd1 Rxc5 40.
Rxd5 1-0

[Event "Czech Chess Christmas 2005"]
[Site "Litomysl (CZE)"]
[Date "2005.12.28"]
[Round "3.2"]
[White "Plischki, Sebastian"]
[Black "Biolek, Richard"]
[Result "1/2-1/2"]
[WhiteElo "2369"]
[BlackElo "2454"]
[PlyCount "22"]
[EventDate "2005.12.26"]

1. d4 g6 2. c4 Bg7 3. e4 d6 4. Nc3 e5 5. Nf3 Nc6 6. d5 Nce7 7. Be2 h6 8. h4 Nf6
9. Nd2 h5 10. b4 Bh6 11. c5 a5 1/2-1/2

[Event "Czech Chess Christmas 2005"]
[Site "Litomysl (CZE)"]
[Date "2005.12.28"]
[Round "3.3"]
[White "Szoen, Dariusz"]
[Black "Gumula, Daniel"]
[Result "1/2-1/2"]
[WhiteElo "2450"]
[BlackElo "2293"]
[PlyCount "204"]
[EventDate "2005.12.26"]

1. d4 Nf6 2. c4 e5 3. dxe5 Ng4 4. Nf3 Bc5 5. e3 Nc6 6. b3 O-O 7. Bb2 Re8 8. Be2
Ncxe5 9. Nxe5 Nxe5 10. Nc3 a5 11. O-O Ra6 12. Na4 Ba7 13. c5 Rh6 14. Qd4 Rg6
15. f4 Nc6 16. Qc3 Qf6 17. Qxf6 gxf6 18. Bd3 Rh6 19. Rf3 d6 20. Bb5 Bf5 21.
Bxc6 bxc6 22. Rc1 Rg6 23. Kf2 Bd3 24. Bd4 f5 25. Rg3 Bb5 26. Nb2 Rd8 27. Ke1
Re8 28. a4 Rxg3 29. hxg3 dxc5 30. Bxc5 Bxc5 31. Rxc5 Rxe3+ 32. Kd2 Rxb3 33. Kc2
Bxa4 34. Nxa4 Rxg3 35. Rxa5 Rxg2+ 36. Kb3 Rg4 37. Rxf5 Kg7 38. Nc3 Kg6 39. Rc5
Rxf4 40. Rxc6+ Kg5 41. Kc2 h5 42. Kd2 f5 43. Ke3 Rg4 44. Ne2 h4 45. Kf3 Ra4 46.
Rxc7 Ra3+ 47. Nc3 Rb3 48. Rc4 Rb2 49. Nd1 Rb3+ 50. Ne3 h3 51. Rc8 h2 52. Rg8+
Kf6 53. Rh8 Rb2 54. Ng2 Rb3+ 55. Kf2 Rb2+ 56. Kg3 f4+ 57. Nxf4 Kf5 58. Ng2 Rb3+
59. Kf2 Ke4 60. Rh4+ Ke5 61. Rxh2 Rb2+ 62. Kf3 Kf6 63. Rh5 Ra2 64. Rb5 Ra3+ 65.
Ne3 Ra4 66. Nc2 Ke6 67. Ke3 Kd6 68. Nb4 Ra1 69. Kd4 Rd1+ 70. Nd3 Rh1 71. Rb6+
Ke7 72. Nf4 Rd1+ 73. Ke4 Re1+ 74. Kf5 Rf1 75. Rb2 Kd6 76. Rd2+ Kc5 77. Ke4 Re1+
78. Ne2 Rh1 79. Rc2+ Kd6 80. Ng3 Re1+ 81. Kf5 Kd5 82. Rd2+ Kc6 83. Ne4 Rh1 84.
Ke6 Rh6+ 85. Nf6 Rh1 86. Rc2+ Kb5 87. Ng4 Re1+ 88. Ne5 Rd1 89. Nf3 Rd3 90. Nd2
Re3+ 91. Kd5 Rd3+ 92. Ke4 Rd8 93. Nf3 Re8+ 94. Kd3 Rh8 95. Nd4+ Kb6 96. Rc6+
Kb7 97. Rf6 Rh1 98. Nb3 Kc7 99. Kc4 Kd7 100. Nd4 Ke7 101. Ra6 Rh5 102. Nf3 Rf5
1/2-1/2

[Event "Czech Chess Christmas 2005"]
[Site "Litomysl (CZE)"]
[Date "2005.12.28"]
[Round "3.4"]
[White "Jedlicka, Ales"]
[Black "Vokac, Marek"]
[Result "0-1"]
[WhiteElo "2289"]
[BlackElo "2445"]
[PlyCount "86"]
[EventDate "2005.12.26"]

1. d4 d6 2. Nf3 g6 3. g3 Bg7 4. Bg2 c5 5. d5 f5 6. O-O Nf6 7. c4 O-O 8. Nc3 Na6
9. Re1 Rb8 10. e4 fxe4 11. Ng5 Bg4 12. Qd2 Nc7 13. a4 a6 14. Ngxe4 Nxe4 15.
Nxe4 b5 16. axb5 axb5 17. Ra7 bxc4 18. h3 Bd7 19. Qa5 Nb5 20. Qxd8 Rfxd8 21.
Ra6 Re8 22. Ng5 c3 23. bxc3 Bxc3 24. Rd1 Ra8 25. Rxa8 Rxa8 26. Ne4 Ra1 27. Bf3
Bg7 28. Bg5 Nd4 29. Rxa1 Nxf3+ 30. Kg2 Bxa1 31. Kxf3 Kf7 32. g4 Ba4 33. Bd2
Bd1+ 34. Ke3 Bd4+ 35. Kd3 Bb3 36. Be3 Bxd5 37. Ng5+ Kg7 38. Bxd4+ cxd4 39. Kxd4
h6 40. Ne4 Bxe4 41. Kxe4 Kf6 42. h4 g5 43. h5 e5 0-1

[Event "Czech Chess Christmas 2005"]
[Site "Litomysl (CZE)"]
[Date "2005.12.28"]
[Round "3.5"]
[White "Bernasek, Jan"]
[Black "Sabol, Marian"]
[Result "1/2-1/2"]
[WhiteElo "2440"]
[BlackElo "2287"]
[PlyCount "90"]
[EventDate "2005.12.26"]

1. d4 d5 2. c4 c6 3. e3 Nf6 4. Nf3 a6 5. Bd3 g6 6. Qc2 Bg7 7. O-O O-O 8. Nbd2
Nbd7 9. b3 e5 10. cxd5 Nxd5 11. Ba3 Re8 12. Rad1 exd4 13. Nxd4 Bf8 14. Bxf8
Nxf8 15. Be2 Qe7 16. Nc4 c5 17. Nf3 Bf5 18. Qb2 Rad8 19. Rd2 Nf6 20. Rfd1 Ne4
21. Rxd8 Rxd8 22. Rxd8 Qxd8 23. Ncd2 b5 24. g4 Nxd2 25. Qxd2 Qxd2 26. Nxd2 Bc2
27. Bf3 Ne6 28. Bd5 Nc7 29. Be4 Bxe4 30. Nxe4 Ne6 31. Kf1 Kg7 32. g5 h6 33. h4
hxg5 34. hxg5 Kf8 35. Ke2 Ke7 36. Kd3 Kd7 37. f4 Kc6 38. Nf6 Kd6 39. Ng4 Kd5
40. e4+ Kd6 41. Ke3 Nd4 42. Ne5 Ke7 43. Kd3 Ne6 44. Ke3 Nd4 45. Kd3 Ne6 1/2-1/2

[Event "Czech Chess Christmas 2005"]
[Site "Litomysl (CZE)"]
[Date "2005.12.28"]
[Round "3.10"]
[White "Cernousek, Lukas"]
[Black "Cerveny, Petr"]
[Result "1/2-1/2"]
[WhiteElo "2379"]
[BlackElo "2142"]
[PlyCount "104"]
[EventDate "2005.12.26"]

1. e4 c5 2. Nf3 e6 3. d4 cxd4 4. Nxd4 Nf6 5. Nc3 d6 6. Be3 Nc6 7. Qd2 Be7 8. f3
a6 9. g4 Nxd4 10. Bxd4 O-O 11. O-O-O b5 12. g5 Nd7 13. h4 Qc7 14. Kb1 b4 15.
Ne2 Ne5 16. f4 Nc4 17. Qxb4 Rb8 18. Qc3 Rxb2+ 19. Ka1 d5 20. Nc1 Rb7 21. exd5
Na3 22. Nb3 Nxc2+ 23. Kb2 Qxc3+ 24. Kxc3 Rc7+ 25. Kb2 Ba3+ 26. Kb1 Nxd4 27.
Rxd4 exd5 28. Bd3 Re8 29. Rd1 Bg4 30. Rg1 Bf3 31. Ra4 Bf8 32. Rxa6 Re3 33. Rc1
Rxc1+ 34. Nxc1 g6 35. Kc2 Be4 36. Ra8 Kg7 37. Kd2 Rf3 38. Bxe4 dxe4 39. Ne2 Bd6
40. Ra4 Bxf4+ 41. Kc2 h6 42. gxh6+ Bxh6 43. Rxe4 Re3 44. Nc3 Rxe4 45. Nxe4 Be3
46. Kd3 Ba7 47. Ke2 Kh6 48. Kf3 Kh5 49. Kg3 Bd4 50. Kh3 Kh6 51. a4 f6 52. a5 g5
1/2-1/2

[Event "Czech Chess Christmas 2005"]
[Site "Litomysl (CZE)"]
[Date "2005.12.28"]
[Round "3.12"]
[White "Neuman, Petr"]
[Black "Balhar, Jan"]
[Result "1/2-1/2"]
[WhiteElo "2414"]
[BlackElo "2175"]
[PlyCount "112"]
[EventDate "2005.12.26"]

1. d4 Nf6 2. c4 e6 3. Nc3 Bb4 4. Qc2 O-O 5. Nf3 b6 6. e4 Bb7 7. Bd3 d6 8. e5
Bxc3+ 9. bxc3 dxe5 10. dxe5 Nfd7 11. Bxh7+ Kh8 12. Be4 Bxe4 13. Qxe4 Nc5 14.
Qe3 Qd3 15. Qxd3 Nxd3+ 16. Ke2 Nxc1+ 17. Rhxc1 c5 18. Rd1 Nc6 19. Rd7 Rad8 20.
Rxd8 Rxd8 21. Rd1 Rxd1 22. Kxd1 Na5 23. Nd2 g5 24. Ne4 Nxc4 25. Nxg5 Nxe5 26.
f4 Nc4 27. Nxf7+ Kg7 28. Nd8 Ne3+ 29. Ke2 Nxg2 30. Nxe6+ Kf6 31. Kf2 Nh4 32.
Nc7 Kf5 33. Kg3 Ng6 34. Nd5 Ke4 35. Nf6+ Kf5 36. Nd5 Ke4 37. c4 Kd4 38. f5 Nf8
39. Kf3 Kxc4 40. Ke4 b5 41. Ne3+ Kc3 42. Kd5 c4 43. Kc5 a6 44. Nd5+ Kb2 45. Kb6
Kxa2 46. Kxa6 Kb2 47. Kxb5 c3 48. Ne3 c2 49. Nxc2 Kxc2 50. Kc4 Kd2 51. Kd4 Ke2
52. Ke4 Kf2 53. Kf4 Kg2 54. h4 Kh3 55. Kg5 Nh7+ 56. Kh5 Kg3 1/2-1/2

[Event "Czech Chess Christmas 2005"]
[Site "Litomysl (CZE)"]
[Date "2005.12.28"]
[Round "3.14"]
[White "Novotny, Michal"]
[Black "Kotan, Ladislav"]
[Result "1/2-1/2"]
[WhiteElo "2233"]
[BlackElo "2364"]
[PlyCount "112"]
[EventDate "2005.12.26"]

1. e4 e5 2. Nf3 Nc6 3. Bb5 Bc5 4. c3 Nf6 5. O-O O-O 6. d4 Bb6 7. Bg5 h6 8. Bh4
d6 9. Bxc6 bxc6 10. dxe5 dxe5 11. Qa4 Qd6 12. Na3 Nd7 13. Rfd1 Qe6 14. Qc4 Nc5
15. Qxe6 Bxe6 16. Be7 Nxe4 17. Bxf8 Nxf2 18. Rf1 Nd3+ 19. Kh1 Rxf8 20. b3 f6
21. h3 a5 22. Nc2 a4 23. bxa4 Ra8 24. Nb4 Nf2+ 25. Kh2 Rxa4 26. Nxc6 Ne4 27.
Rfc1 Rc4 28. Nd8 Bd5 29. a4 Ba5 30. Rcb1 Nxc3 31. Rb8 Kh7 32. Nd2 Rd4 33. Nb1
Nxa4 34. Rb5 Bb6 35. Rxa4 Rxa4 36. Rxd5 e4 37. Nc3 Rc4 38. Ne2 g5 39. Rd7+ Kg6
40. Ne6 f5 41. Nf8+ Kf6 42. Rh7 Rc2 43. Ng3 Ke5 44. Nd7+ Kf4 45. Rf7 Bg1+ 46.
Kxg1 Kxg3 47. Rxf5 Rxg2+ 48. Kf1 e3 49. Ne5 Kxh3 50. Rf3+ Rg3 51. Rxg3+ Kxg3
52. Nf7 Kf3 53. Nxh6 c5 54. Nf7 g4 55. Ne5+ Kg3 56. Ke2 Kh3 1/2-1/2

[Event "Czech Chess Christmas 2005"]
[Site "Litomysl (CZE)"]
[Date "2005.12.28"]
[Round "3.16"]
[White "Karlik, Vladimir"]
[Black "Mejzlik, Ondrej"]
[Result "1/2-1/2"]
[WhiteElo "2293"]
[BlackElo "2105"]
[PlyCount "98"]
[EventDate "2005.12.26"]

1. d4 d5 2. Nf3 Nf6 3. Bf4 Bf5 4. c4 e6 5. Nc3 c6 6. Qb3 b6 7. e3 Bd6 8. Ne5
O-O 9. Be2 Qe7 10. Bg5 Rc8 11. O-O Nbd7 12. Nxd7 Qxd7 13. Bxf6 gxf6 14. cxd5
exd5 15. Qd1 Kh8 16. Bd3 Rg8 17. Bxf5 Qxf5 18. f4 Qh3 19. Qf3 Rxg2+ 20. Qxg2
Rg8 21. Qxg8+ Kxg8 22. Rae1 Bb4 23. Re2 Bxc3 24. bxc3 Qf5 25. Rd1 Kf8 26. Kf2
Qe4 27. Red2 Qe7 28. Rc2 f5 29. Ke2 Qh4 30. Kd3 Qg4 31. Re2 Qf3 32. Kd2 Qe4 33.
Rc1 c5 34. Rc2 c4 35. Kc1 b5 36. Kb2 a5 37. a3 Qe7 38. Rc1 b4 39. axb4 axb4 40.
Ra1 Qb7 41. Ra2 bxc3+ 42. Kc2 h5 43. Kc1 h4 44. Rec2 h3 45. Rxc3 Qe7 46. Rf2
Qe4 47. Kb2 Qh1 48. Rc1 Qe4 49. Rc3 Qe7 1/2-1/2

[Event "Czech Chess Christmas 2005"]
[Site "Litomysl (CZE)"]
[Date "2005.12.28"]
[Round "3.19"]
[White "Mejzlik, Vojtech"]
[Black "Luch, Michal"]
[Result "0-1"]
[WhiteElo "2082"]
[BlackElo "2378"]
[PlyCount "42"]
[EventDate "2005.12.26"]

1. c4 e5 2. Nc3 Nf6 3. e4 Bc5 4. d3 Nc6 5. h3 d6 6. Nf3 h6 7. Be2 O-O 8. O-O
Nh7 9. Be3 Nd4 10. Bxd4 Bxd4 11. Nxd4 exd4 12. Nb5 c5 13. Bg4 a6 14. Na3 f5 15.
exf5 Bxf5 16. Bxf5 Rxf5 17. f4 Qf6 18. Qf3 Rf8 19. Qxb7 Rxf4 20. Rfe1 Ng5 21.
Rad1 Rf2 0-1

[Event "Czech Chess Christmas 2005"]
[Site "Litomysl (CZE)"]
[Date "2005.12.28"]
[Round "3.20"]
[White "Kantorik, Marian"]
[Black "Walentukiewicz, Michal"]
[Result "1/2-1/2"]
[WhiteElo "2326"]
[BlackElo "2070"]
[PlyCount "55"]
[EventDate "2005.12.26"]

1. d4 Nf6 2. c4 c5 3. d5 d6 4. Nc3 g6 5. e4 Bg7 6. f4 O-O 7. Nf3 e6 8. Be2 exd5
9. cxd5 Bg4 10. O-O Bxf3 11. Bxf3 Nfd7 12. Be3 Na6 13. Qd2 Nc7 14. a4 Qe7 15.
e5 Rad8 16. Ne4 Ne8 17. Rad1 h6 18. e6 Ndf6 19. f5 gxf5 20. Ng3 fxe6 21. dxe6
Qxe6 22. Bxb7 Rb8 23. Bf3 Ne4 24. Bxe4 fxe4 25. Rxf8+ Kxf8 26. Rf1+ Kg8 27. Nf5
Kh7 28. Qa5 1/2-1/2

[Event "Czech Chess Christmas 2005"]
[Site "Litomysl (CZE)"]
[Date "2005.12.28"]
[Round "3.23"]
[White "Fuchs, Georg"]
[Black "Cerjak, Andrej"]
[Result "0-1"]
[WhiteElo "2237"]
[BlackElo "2063"]
[PlyCount "52"]
[EventDate "2005.12.26"]

1. e4 e5 2. Nf3 Nc6 3. d4 exd4 4. Bc4 Bc5 5. O-O d6 6. Bg5 f6 7. Bxg8 Rxg8 8.
Bh4 Bg4 9. c3 Qd7 10. b4 Bb6 11. a4 a5 12. bxa5 Rxa5 13. Nbd2 dxc3 14. Nc4 Ra6
15. Nxb6 Rxb6 16. a5 Rb5 17. Qd3 Rc5 18. Rfc1 Bxf3 19. Qxf3 Nd4 20. Qd1 Rc4 21.
f4 Qc6 22. Qh5+ Ke7 23. e5 c2 24. Qxh7 Ne2+ 25. Kh1 Nxf4 26. exf6+ Kf7 0-1

[Event "Czech Chess Christmas 2005"]
[Site "Litomysl (CZE)"]
[Date "2005.12.28"]
[Round "3.27"]
[White "Leks, Hanna"]
[Black "Kastner, Kamil"]
[Result "1/2-1/2"]
[WhiteElo "2209"]
[BlackElo "2015"]
[PlyCount "38"]
[EventDate "2005.12.26"]

1. e4 e6 2. d4 d5 3. Nc3 Nf6 4. e5 Nfd7 5. f4 c5 6. Nf3 Nc6 7. Be3 a6 8. Qd2 b5
9. dxc5 Bxc5 10. Bxc5 Nxc5 11. Qf2 Qe7 12. Bd3 Bb7 13. O-O Rd8 14. Qg3 g6 15.
Qh3 h5 16. g4 Nb4 17. Rad1 Ncxd3 18. cxd3 Nc2 19. Ng5 d4 1/2-1/2

[Event "Czech Chess Christmas 2005"]
[Site "Litomysl (CZE)"]
[Date "2005.12.28"]
[Round "3.28"]
[White "Svoboda, Vaclav"]
[Black "Lasinskas, Povilas"]
[Result "1-0"]
[WhiteElo "2008"]
[BlackElo "2204"]
[PlyCount "81"]
[EventDate "2005.12.26"]

1. e4 e5 2. Nf3 Nc6 3. d4 d6 4. dxe5 Bg4 5. exd6 Bxd6 6. Be2 Qe7 7. Nc3 O-O-O
8. Nd4 Bd7 9. Be3 Bb4 10. Qd2 f5 11. a3 Ba5 12. b4 Bb6 13. Nd5 Qxe4 14. Bf3 Qe5
15. Nxb6+ axb6 16. O-O Nf6 17. b5 Na5 18. Bf4 Qc5 19. Nb3 Qxb5 20. Rfb1 Bc6 21.
Nxa5 Qxb1+ 22. Rxb1 Rxd2 23. Nxc6 Rxc2 24. Ne7+ Kb8 25. Nxf5 Nd7 26. Nxg7 Rc3
27. Ne6 Re8 28. Nxc7 Rxc7 29. Bxc7+ Kxc7 30. h4 Nc5 31. g4 Ra8 32. Ra1 b5 33.
Rc1 Kb6 34. Rc3 Ra4 35. Kg2 Ne6 36. Kg3 h6 37. Re3 Nd4 38. Be4 Kc7 39. f4 Kd6
40. f5 Ke5 41. Bc2+ 1-0

[Event "Czech Chess Christmas 2005"]
[Site "Litomysl (CZE)"]
[Date "2005.12.28"]
[Round "3.32"]
[White "Korpalski, Robert"]
[Black "Plat, Vojtech"]
[Result "1/2-1/2"]
[WhiteElo "2150"]
[BlackElo "1996"]
[PlyCount "46"]
[EventDate "2005.12.26"]

1. e4 c5 2. Nf3 Nc6 3. g3 g6 4. Bg2 Bg7 5. O-O d6 6. c3 Nf6 7. Qe2 O-O 8. Rd1
Bg4 9. h3 Bxf3 10. Bxf3 Ne5 11. d4 cxd4 12. cxd4 Nxf3+ 13. Qxf3 d5 14. e5 Ne4
15. Qg2 f6 16. f3 Ng5 17. Bxg5 fxg5 18. Nc3 e6 19. Qe2 Qb6 20. Kg2 Rac8 21. Qd2
Rc4 22. b3 Rc6 23. Ne2 h6 1/2-1/2

[Event "Czech Chess Christmas 2005"]
[Site "Litomysl (CZE)"]
[Date "2005.12.28"]
[Round "3.33"]
[White "Kotyza, Bohumil"]
[Black "Vanek, Tomas"]
[Result "0-1"]
[WhiteElo "1981"]
[BlackElo "2148"]
[PlyCount "56"]
[EventDate "2005.12.26"]

1. c4 e5 2. Nc3 Nc6 3. Nf3 f5 4. d4 e4 5. Ng5 Bb4 6. a3 Bxc3+ 7. bxc3 d6 8. Nh3
Nf6 9. Bg5 h6 10. Bxf6 Qxf6 11. e3 O-O 12. Nf4 Ne7 13. g3 c6 14. Be2 b6 15. O-O
g5 16. Nh5 Qf7 17. Rb1 Be6 18. Qa4 Kh8 19. c5 b5 20. Qd1 dxc5 21. dxc5 Rad8 22.
Qc2 Bc4 23. Bxc4 Qxc4 24. Rfd1 Rd3 25. Rdc1 Nd5 26. Qb3 Rd8 27. Qb2 a5 28. a4
Nxe3 0-1

[Event "Czech Chess Christmas 2005"]
[Site "Litomysl (CZE)"]
[Date "2005.12.28"]
[Round "3.35"]
[White "Posmurny, Oldrich"]
[Black "Kukla, Maciej"]
[Result "0-1"]
[WhiteElo "2141"]
[BlackElo "1972"]
[PlyCount "66"]
[EventDate "2005.12.26"]

1. Nf3 Nf6 2. g3 g6 3. Bg2 Bg7 4. O-O O-O 5. d3 d5 6. Nbd2 c5 7. c4 Nc6 8. cxd5
Nxd5 9. Nc4 e5 10. Ne3 Nde7 11. Ng5 b6 12. Qa4 Qc7 13. Nd5 Nxd5 14. Bxd5 Bb7
15. Qh4 h6 16. Ne4 Nd4 17. Bxb7 Nxe2+ 18. Kg2 Qxb7 19. f3 f5 20. Nf2 Nd4 21.
Nh3 g5 22. Qh5 g4 23. Ng1 Qc6 24. Bd2 Rad8 25. Bc3 Nc2 26. Rae1 Nxe1+ 27. Rxe1
Rxd3 28. Bxe5 Rd2+ 29. Kh1 Re8 30. Qxf5 gxf3 31. Nxf3 Rf2 32. Re3 Rxe5 33. Rxe5
Bxe5 0-1

[Event "Czech Chess Christmas 2005"]
[Site "Litomysl (CZE)"]
[Date "2005.12.28"]
[Round "3.39"]
[White "Van Nieuwenhuize, Hans"]
[Black "Lips, Frantisek"]
[Result "1/2-1/2"]
[WhiteElo "1843"]
[BlackElo "2090"]
[PlyCount "41"]
[EventDate "2005.12.26"]

1. d4 Nf6 2. c4 g6 3. Nc3 Bg7 4. e4 d6 5. Nf3 O-O 6. Be2 Na6 7. O-O c5 8. d5
Nc7 9. Qc2 a6 10. a4 Bd7 11. Bg5 Rb8 12. Rab1 b5 13. axb5 axb5 14. b4 cxb4 15.
Rxb4 Na6 16. Rbb1 bxc4 17. Bxc4 Nc5 18. Nd2 Qc7 19. Nb5 Bxb5 20. Bxb5 h6 21.
Bxf6 1/2-1/2

[Event "Czech Chess Christmas 2005"]
[Site "Litomysl (CZE)"]
[Date "2005.12.28"]
[Round "4.3"]
[White "Manik, Mikulas"]
[Black "Matras, Agnieszka"]
[Result "1-0"]
[WhiteElo "2474"]
[BlackElo "2246"]
[PlyCount "71"]
[EventDate "2005.12.26"]

1. e4 e5 2. Nf3 Nc6 3. Bb5 a6 4. Ba4 Nf6 5. d3 b5 6. Bb3 Be7 7. O-O O-O 8. Nbd2
d6 9. a3 Be6 10. Bxe6 fxe6 11. Re1 Qe8 12. Nf1 Nh5 13. c3 Nf4 14. d4 Qg6 15.
Ng3 h5 16. d5 Nd8 17. Bxf4 Rxf4 18. dxe6 Nxe6 19. Nf5 Re8 20. b4 h4 21. h3 Ng5
22. Nxg5 Qxg5 23. a4 g6 24. Qd5+ Kf8 25. Ne3 Kg7 26. axb5 axb5 27. Ng4 Ref8 28.
Qxb5 Rxg4 29. hxg4 Qxg4 30. Qd3 Bg5 31. b5 Bd2 32. Qxd2 h3 33. f3 Rxf3 34. Ra7
hxg2 35. Rxc7+ Kg8 36. Qd5+ 1-0

[Event "Czech Chess Christmas 2005"]
[Site "Litomysl (CZE)"]
[Date "2005.12.28"]
[Round "4.4"]
[White "Biolek, Richard"]
[Black "Novak, Pavel"]
[Result "1/2-1/2"]
[WhiteElo "2454"]
[BlackElo "2345"]
[PlyCount "96"]
[EventDate "2005.12.26"]

1. e4 c5 2. Nf3 Nc6 3. d4 cxd4 4. Nxd4 g6 5. c4 Bg7 6. Be3 Nf6 7. Nc3 O-O 8.
Be2 d6 9. O-O Bd7 10. Qd3 Nxd4 11. Bxd4 Bc6 12. f3 Nd7 13. Be3 a5 14. Nd5 Nc5
15. Rab1 Bxd5 16. exd5 Qb6 17. g3 Rfc8 18. Kg2 Qb4 19. Qc2 a4 20. Bd2 Qb6 21.
Bc3 Nd7 22. Bxg7 Kxg7 23. Qc3+ Kg8 24. h4 Qc5 25. Qd2 Nf6 26. Rbd1 Ra6 27. Rf2
Rb6 28. Bf1 e5 29. dxe6 fxe6 30. Qd4 Qxd4 31. Rxd4 e5 32. Rd1 Kf7 33. Rfd2 Ke7
34. Kf2 Rcc6 35. Re1 Rb4 36. Bd3 Rcb6 37. Ree2 Nd7 38. Ke3 Nc5 39. h5 gxh5 40.
Rh2 h6 41. Rc2 Nd7 42. Rxh5 Rxb2 43. Rxh6 Rxc2 44. Bxc2 Nc5 45. Rh7+ Kf6 46.
Rh6+ Ke7 47. Rh7+ Kf6 48. Rh6+ Ke7 1/2-1/2

[Event "Czech Chess Christmas 2005"]
[Site "Litomysl (CZE)"]
[Date "2005.12.28"]
[Round "4.5"]
[White "Sabol, Marian"]
[Black "Szoen, Dariusz"]
[Result "0-1"]
[WhiteElo "2287"]
[BlackElo "2450"]
[PlyCount "78"]
[EventDate "2005.12.26"]

1. e4 e6 2. d4 d5 3. e5 c5 4. c3 Nc6 5. Nf3 Nh6 6. Be2 Nf5 7. Na3 cxd4 8. cxd4
Qa5+ 9. Kf1 h5 10. Nc2 h4 11. a3 Be7 12. b4 Qb6 13. b5 Na5 14. Ne3 Bd7 15. a4
Rc8 16. Nxf5 exf5 17. Bg5 Bxg5 18. Nxg5 O-O 19. f4 Rc3 20. Nf3 Qh6 21. Rc1 Rxc1
22. Qxc1 Rc8 23. Qe3 Nc4 24. Bxc4 Rxc4 25. Kf2 Rxa4 26. Rc1 Qb6 27. Qb3 Qxb5
28. Rc8+ Kh7 29. Qxb5 Bxb5 30. Rc7 Ra2+ 31. Kg1 Bc6 32. Rxf7 a5 33. Nxh4 Kg8
34. e6 Re2 35. Re7 a4 36. Nxf5 a3 37. Rxg7+ Kh8 38. Rg3 a2 39. Rh3+ Kg8 0-1

[Event "Czech Chess Christmas 2005"]
[Site "Litomysl (CZE)"]
[Date "2005.12.28"]
[Round "4.6"]
[White "Gumula, Daniel"]
[Black "Bernasek, Jan"]
[Result "0-1"]
[WhiteElo "2293"]
[BlackElo "2440"]
[PlyCount "58"]
[EventDate "2005.12.26"]

1. e4 c5 2. Nf3 d6 3. c3 Nf6 4. Be2 Nbd7 5. Qc2 Qc7 6. O-O e6 7. d4 cxd4 8.
Nxd4 a6 9. f4 Be7 10. Be3 O-O 11. Nd2 Re8 12. g4 e5 13. Nf5 exf4 14. Bxf4 Ne5
15. g5 Nfd7 16. Nf3 Bf8 17. N3d4 b6 18. Ne3 Ng6 19. Nd5 Qb8 20. Bg3 Nc5 21. Bf3
Bh3 22. Nc6 Qb7 23. e5 Bxf1 24. exd6 Bd3 25. Qg2 Be4 26. Nce7+ Nxe7 27. Bxe4
Nxe4 28. Nc7 Nf5 29. d7 Red8 0-1

[Event "Czech Chess Christmas 2005"]
[Site "Litomysl (CZE)"]
[Date "2005.12.28"]
[Round "4.9"]
[White "Gheorghe, Corina"]
[Black "Cernousek, Lukas"]
[Result "1-0"]
[WhiteElo "2274"]
[BlackElo "2379"]
[PlyCount "65"]
[EventDate "2005.12.26"]

1. e4 e6 2. d4 d5 3. Nc3 Nc6 4. Nf3 Nf6 5. e5 Ne4 6. Ne2 f6 7. Ng3 fxe5 8. dxe5
Nc5 9. c3 a5 10. Nh5 Qe7 11. Bb5 Bd7 12. Qe2 Qf7 13. Ng3 Be7 14. O-O h6 15. Nd4
O-O 16. Bd2 Qg6 17. Rad1 Bh4 18. Bc1 Rf7 19. Nf3 Be7 20. c4 Raf8 21. cxd5 exd5
22. Rxd5 Bg4 23. Be3 Ne4 24. Bd3 Nxg3 25. hxg3 Qh5 26. e6 Qxd5 27. Bc4 Qe4 28.
exf7+ Kh8 29. Rd1 Bf6 30. b3 Bh5 31. Bd5 Qe7 32. Qb5 Be5 33. Bxc6 1-0

[Event "Czech Chess Christmas 2005"]
[Site "Litomysl (CZE)"]
[Date "2005.12.28"]
[Round "4.15"]
[White "Luch, Michal"]
[Black "Borik, Juraj"]
[Result "1-0"]
[WhiteElo "2378"]
[BlackElo "2146"]
[PlyCount "41"]
[EventDate "2005.12.26"]

1. Nf3 Nf6 2. c4 g6 3. Nc3 Bg7 4. d4 d5 5. Qb3 dxc4 6. Qxc4 O-O 7. e4 Nfd7 8.
Bg5 h6 9. Be3 Nc6 10. Qb3 Nb6 11. d5 Nb8 12. Rd1 Bd7 13. Be2 Kh7 14. O-O Qe8
15. Qa3 Nc8 16. Qb3 Nb6 17. Nb5 Na6 18. Rfe1 c6 19. Nxa7 Rxa7 20. Qxb6 Ra8 21.
Qxb7 1-0

[Event "Czech Chess Christmas 2005"]
[Site "Litomysl (CZE)"]
[Date "2005.12.28"]
[Round "4.18"]
[White "Ganaus, Hannes"]
[Black "Svoboda, Vaclav"]
[Result "1/2-1/2"]
[WhiteElo "2320"]
[BlackElo "2008"]
[PlyCount "96"]
[EventDate "2005.12.26"]

1. Nf3 Nf6 2. b3 d5 3. Bb2 e6 4. g3 b6 5. Bg2 Bb7 6. O-O Bd6 7. d3 c5 8. Nbd2
O-O 9. e4 dxe4 10. Ng5 Nc6 11. Ndxe4 Be7 12. Re1 h6 13. Nf3 Nxe4 14. dxe4 Qxd1
15. Raxd1 Rfd8 16. a3 Rxd1 17. Rxd1 Rd8 18. Rxd8+ Bxd8 19. Bf1 f6 20. Bd3 Bc7
21. Kf1 Kf7 22. h4 g5 23. hxg5 hxg5 24. Ke2 Bd6 25. Ke3 Bc7 26. Be2 Bd6 27. Ne1
Be5 28. c3 Bd6 29. f4 gxf4+ 30. gxf4 Bc7 31. Nf3 Bd6 32. Nh4 Bc7 33. Nf3 Bd6
34. Ne1 Bc7 35. c4 Bd6 36. Nd3 e5 37. Bh5+ Ke7 38. f5 Nd4 39. Bd1 Kf7 40. b4
Ba6 41. b5 Bb7 42. a4 Bf8 43. Bh5+ Ke7 44. Bxd4 exd4+ 45. Kf3 a5 46. Bg6 Bh6
47. Bh7 Kf8 48. Bg6 Ke7 1/2-1/2